<?xml version="1.0" encoding="UTF-8"?>
<record
    xmlns:xsi="http://www.w3.org/2001/XMLSchema-instance"
    xsi:schemaLocation="http://www.loc.gov/MARC21/slim http://www.loc.gov/standards/marcxml/schema/MARC21slim.xsd"
    xmlns="http://www.loc.gov/MARC21/slim">

  <leader>00700nam a2200217Ia 4500</leader>
  <controlfield tag="005">20230128102519.0</controlfield>
  <controlfield tag="008">210716s2012    xx            000 0 und d</controlfield>
  <datafield tag="020" ind1=" " ind2=" ">
    <subfield code="a">9789352996889</subfield>
  </datafield>
  <datafield tag="040" ind1=" " ind2=" ">
    <subfield code="c">AIMIT LIBRARY</subfield>
  </datafield>
  <datafield tag="041" ind1=" " ind2=" ">
    <subfield code="a">eng</subfield>
  </datafield>
  <datafield tag="082" ind1=" " ind2=" ">
    <subfield code="a">658.15 </subfield>
    <subfield code="2">1</subfield>
    <subfield code="b">REDG</subfield>
  </datafield>
  <datafield tag="100" ind1=" " ind2=" ">
    <subfield code="a">Reddy, Sudarsana G.</subfield>
    <subfield code="9">37468</subfield>
  </datafield>
  <datafield tag="245" ind1=" " ind2=" ">
    <subfield code="a">Financial management : </subfield>
    <subfield code="b">principles and practice /</subfield>
    <subfield code="c">By G Sudarsana Readdy.</subfield>
  </datafield>
  <datafield tag="250" ind1=" " ind2=" ">
    <subfield code="a">4th ed.</subfield>
  </datafield>
  <datafield tag="260" ind1=" " ind2=" ">
    <subfield code="a">New Delhi :</subfield>
    <subfield code="b">Himalaya Publishing House ,</subfield>
    <subfield code="c">2012.</subfield>
  </datafield>
  <datafield tag="300" ind1=" " ind2=" ">
    <subfield code="a">xv,795p. ;</subfield>
    <subfield code="b">PB</subfield>
    <subfield code="c">27.5 cm</subfield>
  </datafield>
  <datafield tag="650" ind1=" " ind2=" ">
    <subfield code="a">The financial system</subfield>
    <subfield code="9">37469</subfield>
  </datafield>
  <datafield tag="650" ind1=" " ind2=" ">
    <subfield code="a">Analysis of financial statements</subfield>
    <subfield code="9">70079</subfield>
  </datafield>
  <datafield tag="650" ind1=" " ind2=" ">
    <subfield code="a">Inventory management</subfield>
    <subfield code="9">70080</subfield>
  </datafield>
  <datafield tag="942" ind1=" " ind2=" ">
    <subfield code="2">ddc</subfield>
    <subfield code="c">BK</subfield>
    <subfield code="e">4th</subfield>
    <subfield code="k">658.15 REDG</subfield>
  </datafield>
  <datafield tag="999" ind1=" " ind2=" ">
    <subfield code="c">210948</subfield>
    <subfield code="d">210948</subfield>
  </datafield>
  <datafield tag="952" ind1=" " ind2=" ">
    <subfield code="0">0</subfield>
    <subfield code="1">0</subfield>
    <subfield code="2">ddc</subfield>
    <subfield code="4">0</subfield>
    <subfield code="7">0</subfield>
    <subfield code="8">MBA</subfield>
    <subfield code="a">AIMIT</subfield>
    <subfield code="b">AIMIT</subfield>
    <subfield code="d">2019-03-05</subfield>
    <subfield code="g">898.00</subfield>
    <subfield code="i">Bill no:417; Bill dt:2019-02-27</subfield>
    <subfield code="l">2</subfield>
    <subfield code="o">658.15 REDG</subfield>
    <subfield code="p">MBA13507</subfield>
    <subfield code="r">2026-05-23 00:00:00</subfield>
    <subfield code="s">2023-07-28</subfield>
    <subfield code="v">718.40</subfield>
    <subfield code="w">2021-07-16</subfield>
    <subfield code="y">BK</subfield>
  </datafield>
  <datafield tag="952" ind1=" " ind2=" ">
    <subfield code="0">0</subfield>
    <subfield code="1">0</subfield>
    <subfield code="2">ddc</subfield>
    <subfield code="4">0</subfield>
    <subfield code="7">0</subfield>
    <subfield code="8">MBA</subfield>
    <subfield code="a">AIMIT</subfield>
    <subfield code="b">AIMIT</subfield>
    <subfield code="d">2019-03-05</subfield>
    <subfield code="g">898.00</subfield>
    <subfield code="i">Bill no:417; Bill dt:2019-02-27</subfield>
    <subfield code="l">1</subfield>
    <subfield code="o">658.15 REDG</subfield>
    <subfield code="p">MBA13508</subfield>
    <subfield code="r">2026-05-23 00:00:00</subfield>
    <subfield code="s">2023-08-16</subfield>
    <subfield code="v">718.40</subfield>
    <subfield code="w">2021-07-16</subfield>
    <subfield code="y">BK</subfield>
  </datafield>
  <datafield tag="952" ind1=" " ind2=" ">
    <subfield code="0">0</subfield>
    <subfield code="1">0</subfield>
    <subfield code="2">ddc</subfield>
    <subfield code="4">0</subfield>
    <subfield code="7">0</subfield>
    <subfield code="8">MBA</subfield>
    <subfield code="a">AIMIT</subfield>
    <subfield code="b">AIMIT</subfield>
    <subfield code="d">2019-03-05</subfield>
    <subfield code="g">898.00</subfield>
    <subfield code="i">Bill no:417; Bill dt:2019-02-27</subfield>
    <subfield code="l">6</subfield>
    <subfield code="o">658.15 REDG</subfield>
    <subfield code="p">MBA13509</subfield>
    <subfield code="r">2026-05-23 00:00:00</subfield>
    <subfield code="s">2025-01-30</subfield>
    <subfield code="v">718.40</subfield>
    <subfield code="w">2021-07-16</subfield>
    <subfield code="y">BK</subfield>
  </datafield>
  <datafield tag="952" ind1=" " ind2=" ">
    <subfield code="0">0</subfield>
    <subfield code="1">0</subfield>
    <subfield code="2">ddc</subfield>
    <subfield code="4">0</subfield>
    <subfield code="7">0</subfield>
    <subfield code="8">MBA</subfield>
    <subfield code="a">AIMIT</subfield>
    <subfield code="b">AIMIT</subfield>
    <subfield code="d">2019-03-05</subfield>
    <subfield code="g">898.00</subfield>
    <subfield code="i">Bill no:417; Bill dt:2019-02-27</subfield>
    <subfield code="l">6</subfield>
    <subfield code="o">658.15 REDG</subfield>
    <subfield code="p">MBA13510</subfield>
    <subfield code="q">2026-02-18</subfield>
    <subfield code="r">2026-01-19 15:39:20</subfield>
    <subfield code="s">2026-01-19</subfield>
    <subfield code="v">718.40</subfield>
    <subfield code="w">2021-07-16</subfield>
    <subfield code="y">BK</subfield>
  </datafield>
  <datafield tag="952" ind1=" " ind2=" ">
    <subfield code="0">0</subfield>
    <subfield code="1">0</subfield>
    <subfield code="2">ddc</subfield>
    <subfield code="4">0</subfield>
    <subfield code="7">0</subfield>
    <subfield code="8">MBA</subfield>
    <subfield code="a">AIMIT</subfield>
    <subfield code="b">AIMIT</subfield>
    <subfield code="d">2019-03-05</subfield>
    <subfield code="g">898.00</subfield>
    <subfield code="i">Bill no:417; Bill dt:2019-02-27</subfield>
    <subfield code="l">1</subfield>
    <subfield code="o">658.15 REDG</subfield>
    <subfield code="p">MBA13511</subfield>
    <subfield code="r">2026-05-23 00:00:00</subfield>
    <subfield code="s">2022-05-21</subfield>
    <subfield code="v">718.40</subfield>
    <subfield code="w">2021-07-16</subfield>
    <subfield code="y">BK</subfield>
  </datafield>
  <datafield tag="952" ind1=" " ind2=" ">
    <subfield code="0">0</subfield>
    <subfield code="1">0</subfield>
    <subfield code="2">ddc</subfield>
    <subfield code="4">0</subfield>
    <subfield code="7">0</subfield>
    <subfield code="8">MBA</subfield>
    <subfield code="a">AIMIT</subfield>
    <subfield code="b">AIMIT</subfield>
    <subfield code="d">2019-03-05</subfield>
    <subfield code="g">898.00</subfield>
    <subfield code="i">Bill no:417; Bill dt:2019-02-27</subfield>
    <subfield code="l">2</subfield>
    <subfield code="o">658.15 REDG</subfield>
    <subfield code="p">MBA13512</subfield>
    <subfield code="r">2026-05-23 00:00:00</subfield>
    <subfield code="s">2023-08-31</subfield>
    <subfield code="v">718.40</subfield>
    <subfield code="w">2021-07-16</subfield>
    <subfield code="y">BK</subfield>
  </datafield>
  <datafield tag="952" ind1=" " ind2=" ">
    <subfield code="0">0</subfield>
    <subfield code="1">0</subfield>
    <subfield code="2">ddc</subfield>
    <subfield code="4">0</subfield>
    <subfield code="7">3</subfield>
    <subfield code="8">MBA</subfield>
    <subfield code="a">AIMIT</subfield>
    <subfield code="b">AIMIT</subfield>
    <subfield code="d">2019-03-05</subfield>
    <subfield code="g">898.00</subfield>
    <subfield code="i">Bill no:417; Bill dt:2019-02-27</subfield>
    <subfield code="l">0</subfield>
    <subfield code="o">658.15 REDG</subfield>
    <subfield code="p">MBA13513</subfield>
    <subfield code="r">2025-07-21 00:00:00</subfield>
    <subfield code="v">718.40</subfield>
    <subfield code="w">2021-07-16</subfield>
    <subfield code="y">BK</subfield>
  </datafield>
  <datafield tag="952" ind1=" " ind2=" ">
    <subfield code="0">0</subfield>
    <subfield code="1">0</subfield>
    <subfield code="2">ddc</subfield>
    <subfield code="4">0</subfield>
    <subfield code="7">0</subfield>
    <subfield code="8">MBA</subfield>
    <subfield code="a">AIMIT</subfield>
    <subfield code="b">AIMIT</subfield>
    <subfield code="d">2019-03-05</subfield>
    <subfield code="g">898.00</subfield>
    <subfield code="i">Bill no:417; Bill dt:2019-02-27</subfield>
    <subfield code="l">3</subfield>
    <subfield code="o">658.15 REDG</subfield>
    <subfield code="p">MBA13514</subfield>
    <subfield code="r">2026-05-23 00:00:00</subfield>
    <subfield code="s">2024-05-11</subfield>
    <subfield code="v">718.40</subfield>
    <subfield code="w">2021-07-16</subfield>
    <subfield code="y">BK</subfield>
  </datafield>
  <datafield tag="952" ind1=" " ind2=" ">
    <subfield code="0">0</subfield>
    <subfield code="1">0</subfield>
    <subfield code="2">ddc</subfield>
    <subfield code="4">0</subfield>
    <subfield code="7">0</subfield>
    <subfield code="8">MBA</subfield>
    <subfield code="a">AIMIT</subfield>
    <subfield code="b">AIMIT</subfield>
    <subfield code="d">2019-03-05</subfield>
    <subfield code="g">898.00</subfield>
    <subfield code="i">Bill no:417; Bill dt:2019-02-27</subfield>
    <subfield code="l">2</subfield>
    <subfield code="o">658.15 REDG</subfield>
    <subfield code="p">MBA13515</subfield>
    <subfield code="r">2026-05-23 00:00:00</subfield>
    <subfield code="s">2023-09-05</subfield>
    <subfield code="v">718.40</subfield>
    <subfield code="w">2021-07-16</subfield>
    <subfield code="y">BK</subfield>
  </datafield>
  <datafield tag="952" ind1=" " ind2=" ">
    <subfield code="0">0</subfield>
    <subfield code="1">0</subfield>
    <subfield code="2">ddc</subfield>
    <subfield code="4">0</subfield>
    <subfield code="7">0</subfield>
    <subfield code="8">MBA</subfield>
    <subfield code="a">AIMIT</subfield>
    <subfield code="b">AIMIT</subfield>
    <subfield code="d">2019-03-05</subfield>
    <subfield code="g">898.00</subfield>
    <subfield code="i">Bill no:417; Bill dt:2019-02-27</subfield>
    <subfield code="l">2</subfield>
    <subfield code="o">658.15 REDG</subfield>
    <subfield code="p">MBA13516</subfield>
    <subfield code="r">2026-05-23 00:00:00</subfield>
    <subfield code="s">2025-01-09</subfield>
    <subfield code="v">718.40</subfield>
    <subfield code="w">2021-07-16</subfield>
    <subfield code="y">BK</subfield>
  </datafield>
</record>
